Statistics for Empty Pixelated Europe Map

Click here to take the quiz!

General Stats

  • This quiz has been taken 4,514 times
  • The average score is 267 of 279

Answers on the Map

Answers color-coded by a green-red scale on the quiz's map according to % correct below.
 

Answer Stats

Country% Correct
France
99%
Germany
99%
Ukraine / Russia
99%
United Kingdom
99%
Spain
98%
Sweden
98%
Finland
97%
Italy
97%
Norway
97%
Poland
97%
Russia
97%
Portugal
96%
Greece
95%
Ukraine
95%
Ireland
94%
Belarus
93%
Latvia
93%
Austria
92%
Czechia
92%
Estonia
92%
Lithuania
92%
Romania
92%
Switzerland
92%
Hungary
91%
Slovakia
91%
Croatia
90%
Denmark
90%
Netherlands
89%
Serbia
89%
Belgium
88%
Bulgaria
88%
Iceland
87%
Slovenia
86%
Bosnia and Herzegovina
85%
Moldova
77%
Kosovo
75%
Montenegro
73%

Score Distribution

Percentile by Number Answered

Percent of People with Each Score

Your Score History

You have not taken this quiz